000 00540nam a2200229Ia 4500
003 OSt
005 20221005121947.0
006 a|||||r|||| 00| 0
007 ta
008 221004b |||||||| |||| 00| 0 eng d
024 _a57085
037 _cTextual
040 _aCRL
_cCRL
_beng
041 _2eng
_aeng
082 _aV2:1:N3, E7
100 _aMontagu E S
_9631302
245 0 _aIndian affairs
260 _c1917
650 _aHISTORY
942 _hV2:1:N3, E7
_cTEXL
_2cc
999 _c1042818
_d1042818